Statistics for Nick Nolte Movies

Click here to take the quiz!

General Stats

  • This quiz has been taken 3 times
  • The average score is 6 of 16

Answer Stats

Release YearCostarsMovie% Correct
1991Robert De Niro, Juliette LewisCape Fear
100%
1982Eddie Murphy, Jonathan Banks48 Hrs
67%
2003Eric Bana, Jennifer ConnellyHulk
67%
2008Ben Stiller, Robert Downey Jr.Tropic Thunder
67%
2011Kevin James, Rosario DawsonZookeeper
67%
2019Morgan Freeman, Gerard ButlerAngel Has Risen
33%
2013Ryan Gosling, Emma StoneGangster Squad
33%
2004Don Cheadle, Joaquin PhoenixHotel Rwanda
33%
1996Michael Madsen, John MalkovichMulholland Falls
33%
2012Robert Redford, Shia LaBeoufThe Company You Keep
33%
1998Sean Penn, Adrien BrodyThe Thin Red Line
33%
1997Sean Penn, Jennifer LopezU Turn
33%
2011Tom Hardy, Joel EdgertonWarrior
33%
2015Robert Redford, Emma ThompsonA Walk in the Woods
0%
2006Bruce Willis, Steve CarellOver the Hedge
0%
1983Ed Harris, Gene HackmanUnder Fire
0%

Score Distribution

Percentile by Number Answered

Percent of People with Each Score

Your Score History

You have not taken this quiz